000 00819nmm a2200265 a 4500
001 ocm000884633
003 TR-IsHL
005 20201028144420.0
008 141121s2012 tu tur
007 cr cn
020 _a9786055765934
035 _a884633
_b(N$T)
050 0 4 _aPL248.H45
_bF57 2012
090 0 4 _aPL248.H45
_bF57 2012
100 1 _aHekim, Rıza
245 1 0 _aFırtınayı vurdular
_h[electronic resource] /
_cRıza Hekim
260 _aİstanbul :
_bPupa Yayınları,
_c2012
300 _a465 p.
650 4 _aDil ve Edebiyat
650 4 _aLanguage and Literature
650 0 _aTürk romanı
650 0 _aTurkish fiction
650 7 _aLITERARY COLLECTIONS / Middle Eastern
_2bisacsh
856 4 0 _uhttp://search.ebscohost.com/login.aspx?direct=true&scope=site&db=e011xww&AN=884633
999 _c9414
_d9414